000 00785pam a2200265 a 4500
001 443611
003 OSt
005 20240315135430.0
008 820701s1982 nyua b 001 0 eng
010 _a 82012748
020 _a0023906200 (pbk.)
040 _aDLC
_cDLC
_dDLC
050 0 0 _aQM601
_b.P17 1982
060 _aQS 604 P196r
082 0 0 _aQS 604 p195r 1982
_219
100 1 _aPansky, Ben.
_91283
245 1 0 _aReview of Medical Embryology:
_ctext and illustrations
260 _aNew York :
_bMacmillan,
_cc1982.
300 _axv, 527 p. :
_bill. (some col.) ;
_c25 cm.
504 _aIncludes bibliographical references and index.
650 0 _aEmbryology
_9204
650 2 _aDeveloping human
_961
906 _a7
_bcbc
_corignew
_d1
_eocip
_f19
_gy-gencatlg
942 _2z
_cSLOAN
999 _c481
_d481